Body language / (Record no. 147067)

MARC details
000 -LEADER
fixed length control field 00578nam a22001817a 4500
005 - DATE AND TIME OF LATEST TRANSACTION
control field 20171101121946.0
010 ## - LCCN (DPL NO)
LC control number ENG-121116
020 ## - INTERNATIONAL STANDARD BOOK NUMBER
International Standard Book Number 9788192225494
Terms of availability 250.00
035 ## - SYSTEM CONTROL NUMBER
System control number EN-104648
037 ## - SOURCE OF ACQUISITION
Source of stock number/acquisition DBAD/PUB
082 ## - DEWEY DECIMAL CLASSIFICATION NUMBER
Classification number 881
100 ## - MAIN ENTRY--PERSONAL NAME
Personal name Shetty, Manohar
245 ## - TITLE STATEMENT
Title Body language /
Statement of responsibility, etc by Manohar Shetty
260 ## - PUBLICATION, DISTRIBUTION, ETC. (IMPRINT)
Place of publication, distribution, etc Mumbai
Name of publisher, distributor, etc Poetrywala An imprint of paperwala media and publishing
Date of publication, distribution, etc 2012
270 ## - ADDRESS
Address 1701/1702,6A Whispering Palms , Lokhandwala Township, Kandivali(E)
City Mumbai
Postal code 400101
300 ## - PHYSICAL DESCRIPTION
Extent 92p.
Dimensions 22cm.(pbk)
942 ## - ADDED ENTRY ELEMENTS (KOHA)
Source of classification or shelving scheme Dewey Decimal Classification
Item type English Books
Classification part 881
Call number suffix SHE
Holdings
Withdrawn status Lost status Not for loan Collection code Home library Current library Date acquired Source of acquisition Cost, normal purchase price Full call number Barcode Copy number Cost, replacement price Koha item type
    Not For Loan Non-fiction D.B.Act.Division Bawana 01/11/2017 DBAD/PUB 250.00 881 SHE EN-104648 1 250.00 English Books

© Delhi Public Library
Hit Counter
free hit counter